000 01725cam a2200373 a 4500
001 9181479
003 USPCAS-E
005 20180118181416.0
006 m d
007 cr n
008 100813s2011 enkab sbf 001 0 eng d
020 _a9780470721698
020 _a0470721693
035 _a(WaSeSS)ssj0000476949
040 _aDLC
_cDLC
_dYDX
_dYDXCP
_dBWX
_dCDX
_dGA0
_dVLB
_dBTCTA
_dDLC
_dWaSeSS
050 4 _aTK8322
_b.H33 2011
082 0 0 _a621.31244
_222
_bHAN 2011
210 1 0 _aHandbook of photovoltaic science and engineering
245 0 0 _aHandbook of photovoltaic science and engineering
_h[electronic resource] /
_cedited by Antonio Luque and Steven Hegedus.
250 _a2nd ed.
260 _aChichester, West Sussex, U.K. :
_bWiley,
_c2011.
502 _a.
504 _aIncludes bibliographical references and index.
506 _aLicense restrictions may limit access.
520 _aFully revised and updated, the Handbook of Photovoltaic Science and Engineering, Second Edition incorporates the substantial technological advances and research developments in photovoltaics since its previous release. All topics relating to the photovoltaic (PV) industry are discussed with contributions by distinguished international experts in the field.
650 0 _aPhotovoltaic cells
_vHandbooks, manuals, etc.
650 0 _aPhotovoltaic power generation
_vHandbooks, manuals, etc.
700 1 _aLuque, A.
_q(Antonio)
700 1 _aHegedus, Steven.
773 0 _tWiley-Blackwell Online Books
856 4 0 _uhttp://www.columbia.edu/cgi-bin/cul/resolve?clio9181479
_zFull text available from Wiley-Blackwell Online Books
910 _aLibrary of Congress record
942 _2ddc
_cBK
999 _c355865
_d355865